000 00618nam a2200217Ia 4500
003 GCL
008 140319s9999 xx 000 0 eng d
020 _a0321145993
040 _aGCL /
_cGCL
082 0 4 _a982.06292
_bO E
100 1 _aORTIZ, ALICIA DUJOVNE
245 1 0 _aEVA PERON /
_cORTIZ, ALICIA DUJOVNE
700 1 _aFIELDS, SHAWN
260 _aنيويورك :
_bST. MARTINS PRESS ،
_c1996
300 _a325 P
_bILL. ؛
_c22 cm.
650 0 4 _aBIOGRAPHY
650 0 4 _aPRESIDENTS, SPOUSES - ARGENTINA
650 0 4 _aPERON, EVA, 1919 - 1952
650 0 4 _aPERON, JUAN DOMINGO, 1895 - 1974
942 _2ddc
_cBK
999 _c7172
_d7172